Building leaders : paving the path for emerging leaders.

Bibliographic Details
Main Author: Stoner
Other Authors: Stoner,
Format: Book
Published: New York: Routledge, 2013.
Subjects:
LEADER 00443cam a2200157 7i4500
001 0000030606
005 20140218090000.0
020 0 0 |a 9780415899314  
090 0 0 |a B 658.4092   |b STO 
100 1 0 |a Stoner  
245 1 0 |a Building leaders :   |b paving the path for emerging leaders. 
260 0 0 |a New York:   |b Routledge,   |c 2013. 
300 # # |a 221 p. 
650 0 0 |a Leadership  
700 1 0 |a Stoner,   |h Jason S.  
999 |a B000033857  |b Book  |c Book  |e Business Information Centre